El caballero eremita (Record no. 132078)

MARC details
000 -LEADER
campo de control de longitud fija 00576nam a2200169 4500
001 - NÚMERO DE CONTROL
campo de control 132078
003 - IDENTIFICADOR DE NÚMERO DE CONTROL
campo de control ES-MaACL
005 - FECHA Y HORA DE LA ÚLTIMA TRANSACCIÓN
campo de control 20230906194112.0
007 - CAMPO FIJO DE DESCRIPCIÓN FÍSICA--INFORMACIÓN GENERAL
campo de control de longitud fija t|
008 - DATOS DE LONGITUD FIJA--INFORMACIÓN GENERAL
campo de control de longitud fija 070214s1969 sp r ||||1| spa d
100 1# - ENTRADA PRINCIPAL--NOMBRE DE PERSONA
Nombre de persona Rodríguez Salas, Manuel.
9 (RLIN) 98791
245 13 - MENCIÓN DEL TÍTULO
Título El caballero eremita
Resto del título : o La Virgen del Santuario de la Cueva : (leyenda medieval) /
Mención de responsabilidad, etc. Manuel Rodríguez Salas.
260 ## - PUBLICACIÓN, DISTRIBUCIÓN, ETC.
Lugar de publicación, distribución, etc. La Coruña :
Nombre del editor, distribuidor, etc. [s. n.],
Fecha de publicación, distribución, etc. 1969 (
Fabricante Tip. El Ideal Gallego)
300 ## - DESCRIPCIÓN FÍSICA
Extensión 158 p. ;
Dimensiones 22 cm.
740 0# - ENTRADA AGREGADA--TÍTULO RELACIONADO/ANALÍTICO NO CONTROLADO
Título relacionado o analítico no controlado La Virgen del Santuario de la Cueva.
852 ## - LOCALIZACIÓN
Ubicación ES-MaACL
Número de control de estantería C-48491
Sublocalización o colección R.69570
Holdings
Estatus retirado Estado de pérdida Estado de daño No para préstamo Biblioteca de origen Biblioteca actual Ubicación en estantería Fecha de adquisición Fuente de adquisición Total de préstamos Signatura topográfica completa Código de barras Visto por última vez Precio de reemplazo Tipo de ítem Koha
        Biblioteca del Ateneo de Madrid Biblioteca del Ateneo de Madrid Depósito 2 17/01/2008     C-48491 1137509 23/02/2023 23/02/2023 Libro impreso